Agrarian policies and rural poverty in Africa (Record no. 83837)
[ view plain ]
| 000 -LEADER | |
|---|---|
| fixed length control field | 01048nam a2200253 a 4500 |
| 008 - FIXED-LENGTH DATA ELEMENTS--GENERAL INFORMATION | |
| fixed length control field | 120416s1985 ||||||||||||||||| || u |
| 020 ## - INTERNATIONAL STANDARD BOOK NUMBER | |
| International Standard Book Number | 9221031004 |
| 050 ## - LIBRARY OF CONGRESS CALL NUMBER | |
| Classification number | HD 2118 Agr |
| 100 ## - MAIN ENTRY--PERSONAL NAME | |
| Personal name | Ghai, Dharam P |
| 245 10 - TITLE STATEMENT | |
| Title | Agrarian policies and rural poverty in Africa |
| Statement of responsibility, etc. | edited by Dharam Ghai |
| 260 ## - PUBLICATION, DISTRIBUTION, ETC. | |
| Place of publication, distribution, etc. | Geneva: |
| Name of publisher, distributor, etc. | International Labour Office |
| Date of publication, distribution, etc. | 1985 |
| 300 ## - PHYSICAL DESCRIPTION | |
| Extent | ix, 311p. : ill. |
| 350 ## - | |
| -- | 0.00 |
| 490 ## - | |
| -- | A WEP study |
| 500 ## - GENERAL NOTE | |
| General note | Includes bibliographical references. |
| 650 ## - SUBJECT ADDED ENTRY--TOPICAL TERM | |
| Topical term or geographic name entry element | LAND REFORM--AFRICA |
| 650 #0 - SUBJECT ADDED ENTRY--TOPICAL TERM | |
| Topical term or geographic name entry element | AGRICULTURE AND STATE--AFRICA |
| 650 ## - SUBJECT ADDED ENTRY--TOPICAL TERM | |
| Topical term or geographic name entry element | AFRICA--SOCIAL CONDITIONS |
| 650 ## - SUBJECT ADDED ENTRY--TOPICAL TERM | |
| Topical term or geographic name entry element | AGRICULTURE |
| 650 ## - SUBJECT ADDED ENTRY--TOPICAL TERM | |
| Topical term or geographic name entry element | RURAL DEVELOPMENT--GOVERNMENT POLICY--AFRICA |
| 650 ## - SUBJECT ADDED ENTRY--TOPICAL TERM | |
| Topical term or geographic name entry element | RURAL POOR--AFRICA |
| 995 ## - | |
| -- | ANNEX COLLECTION (Main Library) |
| -- | 0.00 |
| -- | 708421 |
| -- | CBU-MAIN LIBRARY (Kitwe) |
| -- | 2 |
| -- | 115.50 |
| -- | HD 2118 Agr |
| -- | 2 |
| -- | AVAILABLE |
| -- | 005051 |
| -- | Annex Low-Usage Collection |
| 995 ## - | |
| -- | MAIN LIBRARY OPEN ACCESS |
| -- | 0.00 |
| -- | 708420 |
| -- | CBU-MAIN LIBRARY (Kitwe) |
| -- | 1 |
| -- | 115.50 |
| -- | HD 2118 Agr |
| -- | 1 |
| -- | AVAILABLE |
| -- | 005050 |
| -- | Main Library Open Access Collection |
| 999 ## - | |
| -- | 83837 |
| -- | 83837 |
| Withdrawn status | Lost status | Source of classification or shelving scheme | Damaged status | Not for loan | Permanent Location | Current Location | Shelving location | Date acquired | Total Checkouts | Full call number | Barcode | Date last seen | Copy number | Price effective from | Koha item type |
|---|---|---|---|---|---|---|---|---|---|---|---|---|---|---|---|
| CBU-MAIN LIBRARY, KITWE. | CBU-MAIN LIBRARY, KITWE. | 01/08/2024 | HD 2118 Agr | 005051 | 01/08/2024 | 1 | 01/08/2024 | MONOGRAPH | |||||||
| CBU-MAIN LIBRARY, KITWE. | CBU-MAIN LIBRARY, KITWE. | 01/08/2024 | HD 2118 Agr | 005050 | 01/08/2024 | 2 | 01/08/2024 | MONOGRAPH |